Périodes du Japon - Statistiques

Statistiques générales
  • Ce quiz a été pris 12 fois
  • Le résultat moyen est 2 sur 10
Statistiques - réponses
Années Réponse % Correct
1603-1868 Edo
82%
784-1185 Heian
27%
538-710 Asuka
9%
1868-1945 Empire du Japon
9%
1185-1333 Kamakura
9%
250-538 Kofun
9%
1333-1573 Muromachi
9%
710-784 Nara
9%
1573-1603 Azuchi Momoyama
0%
1945- Japon contemporain
0%
Aucun quiz correspondant
Distribution des résultats
% des personnes avec chaque résultat
Percentile par nombre de réponses
Votre historique - résultats
Vous n’avez pas pris ce quiz